The public employment service in a changing labour market

Bibliographic Details
Main Authors: Thuy, Phan (Author), Hansen, Ellen (Author), Price, David (Author)
Format: Book
Language:English
Published: Geneva International Labour Office 2001
Subjects:

MARC

LEADER 00000nam a2200000 a 4500
001 vtls001413961
003 SK-MaSNL
005 20260302035130.0
008 251124s2001 CH a r 0 eng
020 |a 9221113884  |c [856,00] 
035 |a SNK000368687 
040 |a SNK  |b slo  |c SNK  |e AACR2 
044 |a CH 
080 |a 331.5=20  |2 1981 
100 1 |a Thuy, Phan  |4 aut  |9 687601 
245 1 4 |a The public employment service in a changing labour market  |c Phan Thuy, Ellen Hansen and David Price 
260 |a Geneva  |b International Labour Office  |c 2001 
300 |a xxi, 258 s.  |c 24 cm 
610 0 7 |a Medzinárodná organizácia práce  |a Ženeva, Švajčiarsko  |2 SNK  |9 299913 
611 1 7 |a Medzinárodná organizácia práce  |a Ženeva, Švajčiarsko  |2 SNK  |9 299914 
650 0 7 |a práca  |x trh práce  |x služby  |x materiály MOP  |2 SNK  |9 687602 
700 1 |a Hansen, Ellen  |4 aut  |9 687603 
700 1 |a Price, David  |4 aut  |9 687604 
919 |a 92-2-111388-4 
999 |c 1069391  |d 1071321 
952 |t P60, <04>, [BOOK], {604}  |a SNK  |b SNK  |y VYP  |7 0  |p 17A0302094  |o snkIC 129457  |i snkV 787/2001  |0 0  |1 0  |4 0  |d 2001-06-06  |l 0  |r 2005-01-02 00:00:00  |w 2026-02-24